[Event "DVM U20 2021"]
[Site "Kiel GER"]
[Date "2022.07.26"]
[Round "7"]
[White "Limpert, Tillmann"]
[Black "Beetz, Ole"]
[Result "1-0"]
[Termination "normal"]
[Board "7.4"]
[WhiteElo "1652"]
[BlackElo "1601"]
[WhiteClock "00:58:33"]
[BlackClock "00:10:30"]
[WhiteTeam "Biebertaler Schachfreunde"]
[BlackTeam "Schachfreunde Essen-Katernberg 04/32 e. V."]
[PlyCount "165"]
[WhiteFideId "16213254"]
[BlackFideId "34628339"]
[EventCountry "GER"]
[EventRounds "7"]
[EventType "team-swiss"]
[EventDate "2022.07.22"]

1. e4 {[%clk 01:30:57]} {[%emt 00:00:02]} c5 {[%clk 01:30:52]} {[%emt
00:00:09]} 2. Nc3 {[%clk 01:31:16]} {[%emt 00:00:11]} a6 {[%clk 01:31:15]}
{[%emt 00:00:06]} 3. g3 {[%clk 01:31:33]} {[%emt 00:00:14]} b5 {[%clk
01:31:16]} {[%emt 00:00:29]} 4. Bg2 {[%clk 01:31:51]} {[%emt 00:00:12]} Bb7
{[%clk 01:31:37]} {[%emt 00:00:09]} 5. d3 {[%clk 01:31:49]} {[%emt 00:00:31]}
e6 {[%clk 01:31:54]} {[%emt 00:00:13]} 6. Be3 {[%clk 01:30:46]} {[%emt
00:01:34]} Be7 {[%clk 01:31:27]} {[%emt 00:00:57]} 7. f4 {[%clk 01:30:28]}
{[%emt 00:00:47]} d5 {[%clk 01:30:30]} {[%emt 00:01:27]} 8. e5 {[%clk
01:28:34]} {[%emt 00:02:24]} Nc6 {[%clk 01:26:13]} {[%emt 00:04:46]} 9. Nce2
{[%clk 01:28:15]} {[%emt 00:00:50]} h5 {[%clk 01:24:44]} {[%emt 00:01:59]} 10.
h3 {[%clk 01:27:33]} {[%emt 00:01:10]} Nh6 {[%clk 01:23:48]} {[%emt 00:01:29]}
11. c3 {[%clk 01:26:06]} {[%emt 00:01:56]} Nf5 {[%clk 01:23:11]} {[%emt
00:01:07]} 12. Bf2 {[%clk 01:24:57]} {[%emt 00:01:39]} g6 {[%clk 01:18:41]}
{[%emt 00:05:00]} 13. Nf3 {[%clk 01:24:22]} {[%emt 00:01:03]} Rb8 {[%clk
01:16:13]} {[%emt 00:02:58]} 14. d4 {[%clk 01:23:46]} {[%emt 00:01:07]} c4
{[%clk 01:08:59]} {[%emt 00:07:43]} 15. O-O {[%clk 01:18:26]} {[%emt 00:05:51]}
b4 {[%clk 01:06:24]} {[%emt 00:03:05]} 16. Qd2 {[%clk 01:14:26]} {[%emt
00:04:29]} Qb6 {[%clk 01:00:00]} {[%emt 00:06:53]} 17. Nh2 {[%clk 01:07:45]}
{[%emt 00:07:12]} Ba8 {[%clk 00:50:38]} {[%emt 00:09:53]} 18. g4 {[%clk
01:06:19]} {[%emt 00:01:55]} bxc3 {[%clk 00:46:42]} {[%emt 00:04:27]} 19. bxc3
{[%clk 01:06:21]} {[%emt 00:00:28]} Ng7 {[%clk 00:42:57]} {[%emt 00:04:15]} 20.
Be3 {[%clk 01:02:41]} {[%emt 00:04:11]} hxg4 {[%clk 00:40:23]} {[%emt
00:03:03]} 21. hxg4 {[%clk 01:02:29]} {[%emt 00:00:42]} Qb2 {[%clk 00:38:47]}
{[%emt 00:02:05]} 22. Nf3 {[%clk 01:00:38]} {[%emt 00:02:21]} Qxd2 {[%clk
00:35:55]} {[%emt 00:03:23]} 23. Bxd2 {[%clk 01:00:56]} {[%emt 00:00:11]} Kd7
{[%clk 00:32:37]} {[%emt 00:03:49]} 24. Rab1 {[%clk 01:00:40]} {[%emt
00:00:43]} Rxb1 {[%clk 00:32:05]} {[%emt 00:01:05]} 25. Rxb1 {[%clk 01:01:03]}
{[%emt 00:00:07]} Rb8 {[%clk 00:32:27]} {[%emt 00:00:08]} 26. Rxb8 {[%clk
00:56:54]} {[%emt 00:04:39]} Nxb8 {[%clk 00:32:01]} {[%emt 00:00:55]} 27. Ng3
{[%clk 00:57:07]} {[%emt 00:00:18]} Kc6 {[%clk 00:26:08]} {[%emt 00:06:23]} 28.
Bh3 {[%clk 00:56:49]} {[%emt 00:00:48]} Kb5 {[%clk 00:24:48]} {[%emt 00:01:50]}
29. f5 {[%clk 00:56:24]} {[%emt 00:00:55]} gxf5 {[%clk 00:25:09]} {[%emt
00:00:09]} 30. gxf5 {[%clk 00:56:43]} {[%emt 00:00:11]} exf5 {[%clk 00:25:13]}
{[%emt 00:00:26]} 31. Nxf5 {[%clk 00:56:52]} {[%emt 00:00:21]} Nxf5 {[%clk
00:25:28]} {[%emt 00:00:16]} 32. Bxf5 {[%clk 00:57:12]} {[%emt 00:00:08]} Nc6
{[%clk 00:22:03]} {[%emt 00:03:55]} 33. Ng5 {[%clk 00:52:04]} {[%emt 00:05:39]}
f6 {[%clk 00:20:26]} {[%emt 00:02:07]} 34. exf6 {[%clk 00:49:23]} {[%emt
00:03:12]} Bxf6 {[%clk 00:20:44]} {[%emt 00:00:11]} 35. Ne6 {[%clk 00:49:15]}
{[%emt 00:00:36]} Kb6 {[%clk 00:16:18]} {[%emt 00:04:58]} 36. Bf4 {[%clk
00:46:39]} {[%emt 00:03:06]} Ne7 {[%clk 00:14:19]} {[%emt 00:02:29]} 37. Bg4
{[%clk 00:43:52]} {[%emt 00:03:15]} Bc6 {[%clk 00:10:34]} {[%emt 00:04:16]} 38.
Nc5 {[%clk 00:42:48]} {[%emt 00:01:32]} Bb5 {[%clk 00:08:48]} {[%emt 00:02:18]}
39. Kg2 {[%clk 00:42:17]} {[%emt 00:01:02]} Bh4 {[%clk 00:07:56]} {[%emt
00:01:22]} 40. Bd2 {[%clk 00:41:32]} {[%emt 00:01:08]} Bc6 {[%clk 00:02:51]}
{[%emt 00:05:41]} 41. Kh3 {[%clk 00:39:52]} {[%emt 00:02:09]} Bf2 {[%clk
00:01:48]} {[%emt 00:01:35]} 42. Nd7+ {[%clk 00:38:09]} {[%emt 00:02:13]} Bxd7
{[%clk 00:30:28]} {[%emt 00:01:50]} 43. Bxd7 {[%clk 01:08:32]} {[%emt
00:00:07]} Nc6 {[%clk 00:29:09]} {[%emt 00:01:49]} 44. Be6 {[%clk 01:07:25]}
{[%emt 00:01:33]} Kb5 {[%clk 00:20:16]} {[%emt 00:09:26]} 45. Bxd5 {[%clk
01:06:35]} {[%emt 00:01:21]} Nxd4 {[%clk 00:18:16]} {[%emt 00:02:30]} 46. cxd4
{[%clk 01:06:36]} {[%emt 00:00:29]} Bxd4 {[%clk 00:18:39]} {[%emt 00:00:07]}
47. Bc1 {[%clk 01:05:04]} {[%emt 00:02:01]} Kb4 {[%clk 00:18:28]} {[%emt
00:00:40]} 48. Kg2 {[%clk 01:05:04]} {[%emt 00:00:31]} Kc3 {[%clk 00:18:14]}
{[%emt 00:00:45]} 49. Be4 {[%clk 01:05:18]} {[%emt 00:00:13]} Kb4 {[%clk
00:16:56]} {[%emt 00:01:50]} 50. Kf3 {[%clk 01:05:21]} {[%emt 00:00:28]} Ba1
{[%clk 00:16:45]} {[%emt 00:00:39]} 51. Ke2 {[%clk 01:02:41]} {[%emt 00:03:11]}
a5 {[%clk 00:14:55]} {[%emt 00:02:20]} 52. Kd2 {[%clk 01:02:39]} {[%emt
00:00:31]} Bf6 {[%clk 00:14:09]} {[%emt 00:01:18]} 53. Kc2 {[%clk 01:02:47]}
{[%emt 00:00:22]} c3 {[%clk 00:12:53]} {[%emt 00:01:46]} 54. Bg6 {[%clk
01:02:34]} {[%emt 00:00:42]} Be5 {[%clk 00:12:35]} {[%emt 00:00:48]} 55. a3+
{[%clk 01:02:32]} {[%emt 00:00:32]} Kb5 {[%clk 00:12:05]} {[%emt 00:01:00]} 56.
Be8+ {[%clk 01:02:55]} {[%emt 00:00:07]} Kc4 {[%clk 00:12:13]} {[%emt
00:00:22]} 57. a4 {[%clk 01:03:13]} {[%emt 00:00:13]} Kb4 {[%clk 00:09:50]}
{[%emt 00:02:52]} 58. Bg5 {[%clk 01:02:53]} {[%emt 00:00:49]} Bg7 {[%clk
00:08:32]} {[%emt 00:01:49]} 59. Bb5 {[%clk 01:02:59]} {[%emt 00:00:24]} Kc5
{[%clk 00:07:45]} {[%emt 00:01:18]} 60. Bd8 {[%clk 01:03:04]} {[%emt 00:00:24]}
Be5 {[%clk 00:06:30]} {[%emt 00:01:44]} 61. Bxa5 {[%clk 01:03:14]} {[%emt
00:00:21]} Kd5 {[%clk 00:06:28]} {[%emt 00:00:33]} 62. Bxc3 {[%clk 01:03:19]}
{[%emt 00:00:25]} Bc7 {[%clk 00:06:45]} {[%emt 00:00:12]} 63. Kd3 {[%clk
01:02:51]} {[%emt 00:00:58]} Kc5 {[%clk 00:06:52]} {[%emt 00:00:23]} 64. Ke4
{[%clk 00:59:47]} {[%emt 00:03:34]} Bd8 {[%clk 00:06:48]} {[%emt 00:00:34]} 65.
Bd4+ {[%clk 00:59:47]} {[%emt 00:00:30]} Kb4 {[%clk 00:06:57]} {[%emt
00:00:21]} 66. Kd5 {[%clk 01:00:07]} {[%emt 00:00:10]} Kb3 {[%clk 00:07:10]}
{[%emt 00:00:17]} 67. Kc6 {[%clk 00:59:42]} {[%emt 00:00:56]} Ba5 {[%clk
00:07:34]} {[%emt 00:00:05]} 68. Kb7 {[%clk 00:59:31]} {[%emt 00:00:41]} Bd2
{[%clk 00:06:45]} {[%emt 00:01:19]} 69. Ka6 {[%clk 00:59:39]} {[%emt 00:00:21]}
Be1 {[%clk 00:06:49]} {[%emt 00:00:27]} 70. Bb6 {[%clk 00:59:17]} {[%emt
00:00:52]} Bd2 {[%clk 00:07:02]} {[%emt 00:00:17]} 71. a5 {[%clk 00:58:53]}
{[%emt 00:00:54]} Bxa5 {[%clk 00:07:24]} {[%emt 00:00:08]} 72. Bxa5 {[%clk
00:59:20]} {[%emt 00:00:03]} Kc2 {[%clk 00:07:37]} {[%emt 00:00:17]} 73. Bc4
{[%clk 00:59:10]} {[%emt 00:00:40]} Kd1 {[%clk 00:07:58]} {[%emt 00:00:09]} 74.
Bd3 {[%clk 00:57:50]} {[%emt 00:01:50]} Kc1 {[%clk 00:08:15]} {[%emt 00:00:13]}
75. Kb5 {[%clk 00:57:34]} {[%emt 00:00:47]} Kd1 {[%clk 00:08:29]} {[%emt
00:00:16]} 76. Kc4 {[%clk 00:57:16]} {[%emt 00:00:48]} Kc1 {[%clk 00:08:27]}
{[%emt 00:00:32]} 77. Kb3 {[%clk 00:56:58]} {[%emt 00:00:48]} Kd1 {[%clk
00:08:49]} {[%emt 00:00:08]} 78. Bb4 {[%clk 00:57:00]} {[%emt 00:00:28]} Kc1
{[%clk 00:09:09]} {[%emt 00:00:10]} 79. Be2 {[%clk 00:57:22]} {[%emt 00:00:08]}
Kb1 {[%clk 00:09:26]} {[%emt 00:00:12]} 80. Bd2 {[%clk 00:57:46]} {[%emt
00:00:05]} Ka1 {[%clk 00:09:49]} {[%emt 00:00:08]} 81. Bf3 {[%clk 00:58:08]}
{[%emt 00:00:09]} Kb1 {[%clk 00:10:08]} {[%emt 00:00:10]} 82. Be4+ {[%clk
00:58:33]} {[%emt 00:00:05]} Ka1 {[%clk 00:10:30]} {[%emt 00:00:08]} 83. Bc3#
{[%emt 00:00:24]} 1-0

[Event "DVM U20 2021"]
[Site "Kiel GER"]
[Date "2022.07.26"]
[Round "7"]
[White "Otterpohl, Isabel"]
[Black "Koleber, Ksenia Alexandra"]
[Result "0-1"]
[Termination "normal"]
[Board "7.5"]
[WhiteElo "1632"]
[BlackElo "1381"]
[WhiteClock "00:03:47"]
[BlackClock "00:24:40"]
[WhiteTeam "Schachfreunde Essen-Katernberg 04/32 e. V."]
[BlackTeam "Biebertaler Schachfreunde"]
[PlyCount "56"]
[WhiteFideId "12999180"]
[BlackFideId "16271130"]
[EventCountry "GER"]
[EventRounds "7"]
[EventType "team-swiss"]
[EventDate "2022.07.22"]

1. e4 {[%clk 01:30:58]} {[%emt 00:00:02]} e5 {[%clk 01:30:54]} {[%emt
00:00:07]} 2. d4 {[%clk 01:31:24]} {[%emt 00:00:04]} exd4 {[%clk 01:31:02]}
{[%emt 00:00:23]} 3. Nf3 {[%clk 01:31:47]} {[%emt 00:00:06]} Bc5 {[%clk
01:29:06]} {[%emt 00:02:26]} 4. Bc4 {[%clk 01:19:29]} {[%emt 00:12:48]} Nc6
{[%clk 01:22:44]} {[%emt 00:06:52]} 5. O-O {[%clk 01:17:19]} {[%emt 00:02:40]}
Nge7 {[%clk 01:19:55]} {[%emt 00:03:18]} 6. c3 {[%clk 01:13:50]} {[%emt
00:04:00]} dxc3 {[%clk 01:15:11]} {[%emt 00:05:14]} 7. Nxc3 {[%clk 01:14:08]}
{[%emt 00:00:13]} d6 {[%clk 01:09:35]} {[%emt 00:06:05]} 8. Na4 {[%clk
00:45:18]} {[%emt 00:29:20]} Bb6 {[%clk 01:07:41]} {[%emt 00:02:24]} 9. Nxb6
{[%clk 00:44:37]} {[%emt 00:01:11]} axb6 {[%clk 01:08:09]} {[%emt 00:00:02]}
10. b3 {[%clk 00:41:51]} {[%emt 00:03:16]} Ng6 {[%clk 01:00:25]} {[%emt
00:08:13]} 11. Bb2 {[%clk 00:30:53]} {[%emt 00:11:28]} O-O {[%clk 00:55:28]}
{[%emt 00:05:27]} 12. h3 {[%clk 00:30:10]} {[%emt 00:01:13]} Qe7 {[%clk
00:53:16]} {[%emt 00:02:42]} 13. Qc2 {[%clk 00:29:44]} {[%emt 00:00:56]} Be6
{[%clk 00:48:54]} {[%emt 00:04:53]} 14. Qc3 {[%clk 00:28:02]} {[%emt 00:02:12]}
Nge5 {[%clk 00:47:56]} {[%emt 00:01:27]} 15. Nxe5 {[%clk 00:28:16]} {[%emt
00:00:17]} dxe5 {[%clk 00:48:11]} {[%emt 00:00:15]} 16. Be2 {[%clk 00:19:09]}
{[%emt 00:09:31]} f6 {[%clk 00:46:28]} {[%emt 00:02:18]} 17. Qe3 {[%clk
00:18:17]} {[%emt 00:01:20]} Nb4 {[%clk 00:43:14]} {[%emt 00:03:46]} 18. Qc3
{[%clk 00:12:34]} {[%emt 00:05:54]} Nxa2 {[%clk 00:39:01]} {[%emt 00:05:02]}
19. Qc2 {[%clk 00:12:17]} {[%emt 00:00:48]} Nb4 {[%clk 00:38:34]} {[%emt
00:00:56]} 20. Qc3 {[%clk 00:12:32]} {[%emt 00:00:15]} c5 {[%clk 00:38:03]}
{[%emt 00:01:02]} 21. Ba3 {[%clk 00:11:36]} {[%emt 00:01:26]} Nc6 {[%clk
00:35:41]} {[%emt 00:02:51]} 22. Rfb1 {[%clk 00:09:37]} {[%emt 00:02:29]} Nd4
{[%clk 00:31:48]} {[%emt 00:04:24]} 23. Bf1 {[%clk 00:07:10]} {[%emt 00:02:56]}
Rfc8 {[%clk 00:29:11]} {[%emt 00:03:07]} 24. Kh1 {[%clk 00:04:57]} {[%emt
00:02:44]} Qc7 {[%clk 00:26:48]} {[%emt 00:02:53]} 25. Kg1 {[%clk 00:04:10]}
{[%emt 00:01:16]} Qf7 {[%clk 00:24:32]} {[%emt 00:02:46]} 26. Bc4 {[%emt
00:01:45]} Bxc4 {[%clk 00:24:36]} {[%emt 00:00:24]} 27. Qxc4 {[%clk 00:03:21]}
{[%emt 00:00:06]} Qxc4 {[%clk 00:24:44]} {[%emt 00:00:23]} 28. bxc4 {[%clk
00:03:47]} {[%emt 00:00:04]} Nc2 {[%clk 00:24:40]} {[%emt 00:00:33]} 0-1

[Event "DVM U20 2021"]
[Site "Kiel GER"]
[Date "2022.07.26"]
[Round "7"]
[White "Peschel, Jan"]
[Black "Lüersen, Lukas"]
[Result "1/2-1/2"]
[Termination "normal"]
[Board "7.6"]
[WhiteElo "1559"]
[BlackElo "1225"]
[WhiteClock "00:10:03"]
[BlackClock "00:01:29"]
[WhiteTeam "Biebertaler Schachfreunde"]
[BlackTeam "Schachfreunde Essen-Katernberg 04/32 e. V."]
[PlyCount "78"]
[WhiteFideId "16271629"]
[BlackFideId "34628371"]
[EventCountry "GER"]
[EventRounds "7"]
[EventType "team-swiss"]
[EventDate "2022.07.22"]

1. e4 {[%clk 01:30:56]} {[%emt 00:00:03]} c5 {[%clk 01:30:53]} {[%emt
00:00:07]} 2. c3 {[%clk 01:30:13]} {[%emt 00:01:14]} Nf6 {[%clk 01:31:14]}
{[%emt 00:00:09]} 3. Bd3 {[%clk 01:30:28]} {[%emt 00:00:15]} Nc6 {[%clk
01:29:38]} {[%emt 00:02:04]} 4. Bc2 {[%clk 01:30:04]} {[%emt 00:00:56]} e6
{[%clk 01:27:27]} {[%emt 00:02:40]} 5. Nf3 {[%clk 01:28:27]} {[%emt 00:02:09]}
Be7 {[%clk 01:25:54]} {[%emt 00:02:01]} 6. O-O {[%clk 01:28:32]} {[%emt
00:00:26]} O-O {[%clk 01:25:30]} {[%emt 00:00:54]} 7. d4 {[%clk 01:26:39]}
{[%emt 00:02:23]} cxd4 {[%clk 01:20:23]} {[%emt 00:05:37]} 8. cxd4 {[%clk
01:26:36]} {[%emt 00:00:33]} d6 {[%clk 01:20:38]} {[%emt 00:00:15]} 9. Bf4
{[%clk 01:21:43]} {[%emt 00:05:23]} Nb4 {[%clk 01:14:09]} {[%emt 00:06:58]} 10.
Nbd2 {[%clk 01:17:56]} {[%emt 00:04:18]} Nxc2 {[%clk 01:13:45]} {[%emt
00:00:54]} 11. Qxc2 {[%clk 01:18:18]} {[%emt 00:00:08]} Bd7 {[%clk 01:13:03]}
{[%emt 00:01:12]} 12. Rac1 {[%clk 01:16:39]} {[%emt 00:02:08]} Rc8 {[%clk
01:11:21]} {[%emt 00:02:13]} 13. Qb3 {[%clk 01:14:07]} {[%emt 00:03:01]} Bc6
{[%clk 01:08:09]} {[%emt 00:03:42]} 14. Rfe1 {[%clk 01:06:28]} {[%emt
00:08:09]} b6 {[%clk 01:03:13]} {[%emt 00:05:27]} 15. Rc3 {[%clk 00:54:52]}
{[%emt 00:12:06]} Bb7 {[%clk 00:58:29]} {[%emt 00:05:13]} 16. Bg5 {[%clk
00:41:12]} {[%emt 00:14:11]} Qd7 {[%clk 00:42:09]} {[%emt 00:16:50]} 17. Bxf6
{[%clk 00:36:13]} {[%emt 00:05:29]} Bxf6 {[%clk 00:42:30]} {[%emt 00:00:09]}
18. e5 {[%clk 00:35:20]} {[%emt 00:01:23]} dxe5 {[%clk 00:42:27]} {[%emt
00:00:33]} 19. dxe5 {[%clk 00:35:33]} {[%emt 00:00:17]} Rxc3 {[%clk 00:38:57]}
{[%emt 00:03:59]} 20. bxc3 {[%clk 00:33:03]} {[%emt 00:03:01]} Be7 {[%clk
00:38:28]} {[%emt 00:00:59]} 21. Nd4 {[%clk 00:30:01]} {[%emt 00:03:32]} Bc5
{[%clk 00:31:24]} {[%emt 00:07:34]} 22. N2f3 {[%clk 00:26:03]} {[%emt
00:04:28]} Rc8 {[%clk 00:20:45]} {[%emt 00:11:09]} 23. a4 {[%clk 00:21:04]}
{[%emt 00:05:29]} a6 {[%clk 00:15:56]} {[%emt 00:05:19]} 24. h3 {[%clk
00:18:41]} {[%emt 00:02:53]} Bd5 {[%clk 00:13:30]} {[%emt 00:02:56]} 25. Qc2
{[%clk 00:18:34]} {[%emt 00:00:35]} Bxf3 {[%clk 00:09:31]} {[%emt 00:04:30]}
26. Nxf3 {[%clk 00:18:38]} {[%emt 00:00:26]} Bb4 {[%clk 00:07:38]} {[%emt
00:02:23]} 27. Re3 {[%clk 00:15:51]} {[%emt 00:03:18]} Qc7 {[%clk 00:05:11]}
{[%emt 00:02:56]} 28. Qd3 {[%clk 00:14:07]} {[%emt 00:02:15]} Bc5 {[%clk
00:03:59]} {[%emt 00:01:41]} 29. Re4 {[%clk 00:12:03]} {[%emt 00:02:34]} a5
{[%clk 00:03:50]} {[%emt 00:00:40]} 30. Rh4 {[%clk 00:12:09]} {[%emt 00:00:24]}
h6 {[%clk 00:02:06]} {[%emt 00:02:14]} 31. c4 {[%clk 00:10:40]} {[%emt
00:01:59]} Rd8 {[%clk 00:02:01]} {[%emt 00:00:35]} 32. Qc2 {[%clk 00:10:53]}
{[%emt 00:00:16]} Qd7 {[%clk 00:02:03]} {[%emt 00:00:29]} 33. Re4 {[%clk
00:09:17]} {[%emt 00:02:05]} Qd1+ {[%clk 00:01:59]} {[%emt 00:00:34]} 34. Qxd1
{[%clk 00:09:09]} {[%emt 00:00:38]} Rxd1+ {[%clk 00:02:28]} 35. Re1 {[%clk
00:09:26]} {[%emt 00:00:14]} Rxe1+ {[%clk 00:02:25]} {[%emt 00:00:33]} 36. Nxe1
{[%clk 00:09:50]} {[%emt 00:00:06]} Kf8 {[%clk 00:02:45]} {[%emt 00:00:10]} 37.
Kf1 {[%clk 00:09:50]} {[%emt 00:00:30]} Ke7 {[%clk 00:03:03]} {[%emt 00:00:13]}
38. Nd3 {[%clk 00:10:00]} {[%emt 00:00:19]} Bd4 {[%clk 00:02:21]} {[%emt
00:01:12]} 39. f4 {[%clk 00:10:03]} {[%emt 00:00:27]} f6 {[%clk 00:01:29]}
{[%emt 00:01:22]} 1/2-1/2

[Event "DVM U16 2021"]
[Site "Kiel GER"]
[Date "2022.07.23"]
[Round "1"]
[White "Hecht, Jonas Christian"]
[Black "Bui, Bao Anh Le"]
[Result "0-1"]
[Termination "normal"]
[Board "1.1"]
[WhiteElo "1889"]
[BlackElo "2109"]
[WhiteClock "00:02:09"]
[BlackClock "00:06:27"]
[WhiteTeam "SC Brombach e.V."]
[BlackTeam "SV Mattnetz Berlin e.V."]
[PlyCount "62"]
[WhiteFideId "16214846"]
[BlackFideId "12970719"]
[EventCountry "GER"]
[EventRounds "7"]
[EventType "team-swiss"]
[EventDate "2022.07.22"]

1. e4 {[%clk 01:30:24]} {[%emt 00:00:35]} c5 {[%clk 01:30:39]} {[%emt
00:00:21]} 2. Nc3 {[%clk 01:30:32]} {[%emt 00:00:23]} Nc6 {[%clk 01:31:02]}
{[%emt 00:00:06]} 3. f4 {[%clk 01:30:38]} {[%emt 00:00:24]} g6 {[%clk
01:31:18]} {[%emt 00:00:13]} 4. Nf3 {[%clk 01:30:13]} {[%emt 00:00:56]} Bg7
{[%clk 01:31:41]} {[%emt 00:00:07]} 5. Bb5 {[%clk 01:30:38]} {[%emt 00:00:05]}
Nd4 {[%clk 01:27:06]} {[%emt 00:05:05]} 6. O-O {[%clk 01:28:02]} {[%emt
00:03:07]} a6 {[%clk 01:25:14]} {[%emt 00:02:22]} 7. Be2 {[%clk 01:12:35]}
{[%emt 00:15:57]} e6 {[%clk 01:22:34]} {[%emt 00:03:10]} 8. d3 {[%clk
01:10:25]} {[%emt 00:02:41]} Ne7 {[%clk 01:21:17]} {[%emt 00:01:47]} 9. Nxd4
{[%clk 01:01:39]} {[%emt 00:09:15]} cxd4 {[%clk 01:20:02]} {[%emt 00:01:45]}
10. Nb1 {[%clk 01:00:32]} {[%emt 00:01:36]} O-O {[%clk 01:15:11]} {[%emt
00:05:22]} 11. Qe1 {[%clk 00:58:51]} {[%emt 00:02:12]} d6 {[%clk 01:13:41]}
{[%emt 00:01:59]} 12. c4 {[%clk 00:46:39]} {[%emt 00:12:42]} f5 {[%clk
01:08:56]} {[%emt 00:05:14]} 13. Na3 {[%clk 00:41:17]} {[%emt 00:05:52]} Rb8
{[%clk 00:53:10]} {[%emt 00:16:16]} 14. Bf3 {[%clk 00:37:52]} {[%emt 00:03:56]}
b5 {[%clk 00:49:17]} {[%emt 00:04:23]} 15. Bd2 {[%clk 00:36:13]} {[%emt
00:02:09]} fxe4 {[%clk 00:36:49]} {[%emt 00:12:57]} 16. dxe4 {[%clk 00:30:41]}
{[%emt 00:06:02]} d3 {[%clk 00:35:41]} {[%emt 00:01:39]} 17. Ba5 {[%clk
00:23:36]} {[%emt 00:07:35]} Qd7 {[%clk 00:34:54]} {[%emt 00:01:17]} 18. Rb1
{[%clk 00:21:18]} {[%emt 00:02:49]} Rxf4 {[%clk 00:30:17]} {[%emt 00:05:07]}
19. cxb5 {[%clk 00:18:08]} {[%emt 00:03:40]} axb5 {[%clk 00:27:45]} {[%emt
00:03:02]} 20. Qd2 {[%clk 00:13:55]} {[%emt 00:04:43]} Rf7 {[%clk 00:24:50]}
{[%emt 00:03:25]} 21. Kh1 {[%clk 00:11:17]} {[%emt 00:03:08]} Nc6 {[%emt
00:01:20]} 22. Bc3 {[%clk 00:07:09]} {[%emt 00:04:35]} Bxc3 {[%clk 00:16:10]}
{[%emt 00:08:22]} 23. bxc3 {[%clk 00:07:33]} {[%emt 00:00:07]} Ne5 {[%clk
00:16:37]} {[%emt 00:00:03]} 24. c4 {[%clk 00:06:41]} {[%emt 00:01:21]} Ra8
{[%clk 00:12:04]} {[%emt 00:05:03]} 25. Nxb5 {[%clk 00:05:08]} {[%emt
00:02:02]} Ra4 {[%clk 00:11:56]} {[%emt 00:00:38]} 26. Rbc1 {[%clk 00:04:31]}
{[%emt 00:01:09]} Nxc4 {[%clk 00:11:39]} {[%emt 00:00:47]} 27. Qxd3 {[%clk
00:04:46]} {[%emt 00:00:14]} Qxb5 {[%clk 00:11:29]} {[%emt 00:00:41]} 28. Bd1
{[%clk 00:05:09]} {[%emt 00:00:06]} Rxf1+ {[%clk 00:06:35]} {[%emt 00:05:25]}
29. Qxf1 {[%clk 00:05:31]} {[%emt 00:00:08]} Rb4 {[%clk 00:06:22]} {[%emt
00:00:42]} 30. a3 {[%clk 00:04:05]} {[%emt 00:01:56]} Rb1 {[%clk 00:06:24]}
{[%emt 00:00:28]} 31. a4 {[%clk 00:02:09]} {[%emt 00:02:27]} Rxc1 {[%clk
00:06:27]} {[%emt 00:00:27]} 0-1

[Event "DVM U16 2021"]
[Site "Kiel GER"]
[Date "2022.07.23"]
[Round "1"]
[White "Röhr, Oliver"]
[Black "Wehrle, Maximilian"]
[Result "1-0"]
[Termination "normal"]
[Board "1.2"]
[WhiteElo "2088"]
[BlackElo "1739"]
[WhiteClock "00:35:23"]
[BlackClock "00:22:30"]
[WhiteTeam "SV Mattnetz Berlin e.V."]
[BlackTeam "SC Brombach e.V."]
[PlyCount "53"]
[WhiteFideId "12987697"]
[BlackFideId "65600347"]
[EventCountry "GER"]
[EventRounds "7"]
[EventType "team-swiss"]
[EventDate "2022.07.22"]

1. e4 {[%clk 01:30:58]} {[%emt 00:00:01]} c5 {[%clk 01:30:33]} {[%emt
00:00:28]} 2. Nf3 {[%clk 01:31:26]} {[%emt 00:00:01]} e6 {[%clk 01:30:05]}
{[%emt 00:00:58]} 3. d4 {[%clk 01:31:55]} {[%emt 00:00:01]} cxd4 {[%clk
01:29:50]} {[%emt 00:00:45]} 4. Nxd4 {[%clk 01:32:22]} {[%emt 00:00:02]} Nf6
{[%clk 01:29:13]} {[%emt 00:01:06]} 5. Nc3 {[%clk 01:32:50]} {[%emt 00:00:03]}
d6 {[%clk 01:29:00]} {[%emt 00:00:43]} 6. g4 {[%clk 01:33:19]} {[%emt
00:00:01]} h6 {[%clk 01:28:02]} {[%emt 00:01:29]} 7. Bg2 {[%clk 01:31:00]}
{[%emt 00:02:48]} Nc6 {[%clk 01:23:33]} {[%emt 00:04:59]} 8. Nb3 {[%clk
01:24:28]} {[%emt 00:07:01]} Be7 {[%clk 01:15:38]} {[%emt 00:08:26]} 9. h4
{[%clk 01:20:52]} {[%emt 00:04:05]} e5 {[%clk 00:50:55]} {[%emt 00:25:13]} 10.
g5 {[%clk 01:18:02]} {[%emt 00:03:19]} hxg5 {[%clk 00:51:04]} {[%emt 00:00:21]}
11. hxg5 {[%clk 01:15:24]} {[%emt 00:03:08]} Rxh1+ {[%clk 00:49:53]} {[%emt
00:01:41]} 12. Bxh1 {[%clk 01:15:52]} {[%emt 00:00:02]} Nh7 {[%clk 00:47:29]}
{[%emt 00:02:54]} 13. Qh5 {[%clk 01:13:34]} {[%emt 00:02:48]} Nxg5 {[%clk
00:44:40]} {[%emt 00:03:20]} 14. Bxg5 {[%clk 01:05:57]} {[%emt 00:08:06]} Bxg5
{[%clk 00:45:00]} {[%emt 00:00:10]} 15. Qh8+ {[%clk 01:06:00]} {[%emt
00:00:27]} Kd7 {[%clk 00:44:57]} {[%emt 00:00:33]} 16. Qxg7 {[%clk 01:05:58]}
{[%emt 00:00:32]} Qf6 {[%clk 00:44:42]} {[%emt 00:00:45]} 17. Qxf6 {[%clk
01:02:55]} {[%emt 00:03:33]} Bxf6 {[%clk 00:45:03]} {[%emt 00:00:10]} 18. O-O-O
{[%clk 01:01:28]} {[%emt 00:01:56]} Bg5+ {[%clk 00:42:02]} {[%emt 00:03:31]}
19. Kb1 {[%clk 01:01:34]} {[%emt 00:00:24]} a6 {[%clk 00:36:37]} {[%emt
00:05:57]} 20. Nd5 {[%clk 00:51:29]} {[%emt 00:10:34]} Rb8 {[%clk 00:33:58]}
{[%emt 00:03:10]} 21. Bf3 {[%clk 00:49:01]} {[%emt 00:02:57]} Ne7 {[%clk
00:31:46]} {[%emt 00:02:43]} 22. Bg4+ {[%clk 00:46:30]} {[%emt 00:03:01]} Kc6
{[%clk 00:31:05]} {[%emt 00:01:11]} 23. Na5+ {[%clk 00:37:00]} {[%emt
00:09:59]} Kb5 {[%clk 00:30:37]} {[%emt 00:00:59]} 24. Bxc8 {[%clk 00:36:41]}
{[%emt 00:00:49]} Nxc8 {[%clk 00:25:53]} {[%emt 00:05:14]} 25. c4+ {[%clk
00:35:16]} {[%emt 00:01:55]} Kxa5 {[%clk 00:22:16]} {[%emt 00:04:07]} 26. Rd3
{[%clk 00:35:23]} {[%emt 00:00:22]} Nb6 {[%clk 00:22:30]} {[%emt 00:00:17]} 27.
Ra3+ {[%emt 00:00:39]} 1-0